| 000 | 01558cad a22002415a 4500 | ||
|---|---|---|---|
| 001 | E148527 | ||
| 008 | 090929s2009 xxka f 000 0 eng d | ||
| 035 | _a(Sirsi) u148527 | ||
| 041 | 0 | _aeng | |
| 050 | 0 | 4 | _a331.2 $2 18 |
| 110 | 2 |
_aConsumer Focus Scotland _95748 |
|
| 245 | 0 | 0 |
_aCommon repair, common sense _ba detailed guide to the management of tenements in Scotland _h[electronic resource] |
| 250 | _a2nd ed. | ||
| 260 |
_aGlasgow _bConsumer Focus Scotland _c2009 |
||
| 505 | 2 | _aIntroduction -- Rights and responsibilities of tenement flat owners -- Managing the tenement -- Managing repairs and building maintenance -- Paying for repairs -- Compulsory repairs and maintenance powers, uncooperative owners and disputes -- Buying and selling -- Where can we get technical and legal advice? -- Contacts -- Glossary | |
| 520 | _aA detailed guide to the responsibilities of those living in flats with regard to the repair and maintenance of common parts such as roofs, stairs and back greens. Offers advice on getting all residents to act together and discusses what to do when disputes arise. Also looks at relevant property law. A less detailed guide is also available (see E148526). | ||
| 521 | _aIntroductory | ||
| 590 | _aKA | ||
| 651 | 4 |
_aScotland _y1999- |
|
| 690 | _aPROPERTY-RESIDENTIAL PROPERTY-DOMESTIC RESIDENTIAL PROPERTY-HOUSING-FLATS | ||
| 856 | 4 | 0 |
_uhttps://www.consumerfocus.org.uk/en/content/cms/Scotland/Publications/Consumer_Guides/Consumer_Guides.aspx _zView the guide free of charge at www.consumerfocus.org.uk... |
| 942 | _n0 | ||
| 999 |
_c110086 _d110086 |
||